000 00357nam a2200121Ia 4500
005 20260326100029.0
008 260326s9999||||xx |||||||||||||| ||und||
100 _aComite Olímpico Mexicano
245 0 _aCanchas deportivas reglamentarias /
_cComite Olímpico Mexicano
260 _bComité Olímpico Mexicano
650 _aARQUITECTURA DEPORTIVA
942 _cBK
999 _c6536
_d6536